All Taylor Swift Music Videos - Statistics

General Stats
  • This quiz has been taken 100 times
    97 since last reset
  • The average score is 44 of 53
Answer Stats
Answer % Correct
Blank Space
95%
Lover
95%
ME!
95%
22
94%
cardigan
94%
Fortnight
94%
Love Story
94%
Shake It Off
94%
You Belong With Me | YBWM
94%
All Too Well
92%
Anti-Hero
92%
I Knew You Were Trouble | IKYWT
92%
Style
92%
Karma
91%
Lavender Haze
91%
Ours
91%
Our Song
91%
We Are Never Ever Getting Back Together | WANEGBT
91%
Bejeweled
89%
Delicate
89%
Look What You Made Me Do
89%
Mine
89%
Out Of The Woods | OOTW
89%
Tim McGraw
89%
willow
89%
You Need To Calm Down | YNTCD
89%
Bad Blood
88%
Fearless
88%
Mean
88%
Red
88%
End Game
86%
Wildest Dreams
86%
I Can Do It With A Broken Heart | ICDIWABH
85%
...Ready For It?
85%
Teardrops On My Guitar
85%
Picture To Burn
83%
The Man
83%
I Can See You
80%
I Bet You Think About Me | IBYTAM
78%
Sparks Fly
77%
Back To December
75%
Fifteen
75%
Should've Said No
75%
White Horse
75%
Beautiful Eyes
71%
Begin Again
68%
New Romantics
66%
Everything Has Changed
65%
The Story Of Us
65%
The Best Day
58%
Change
52%
I'm Only Me When I'm With You | IOMWIWY
51%
The Last Time
40%
No matching quizzes found
Score Distribution
Percent of People with Each Score
Percentile by Number Answered
Your Score History
You have not taken this quiz since the last reset